[Event "IM Marmaris Karia X 2019"]
[Site "Marmaris"]
[Date "2019.08.28"]
[Round "1.1"]
[White "Tarlabasi, Emirhan"]
[Black "Nagy, Gabor"]
[Result "1/2-1/2"]
[WhiteElo "2341"]
[BlackElo "2484"]
[Annotator "TA"]
[PlyCount "73"]
[EventDate "2019.09.02"]
[EventType "schev"]
[EventCountry "TUR"]
[SourceTitle "playchess.com"]
[Source "ChessBase"]
[SourceQuality "1"]

{[%evp 18,73,18,14,22,-14,0,0,0,0,0,-8,-11,-46,0,0,0,-5,0,-18,11,-14,0,0,0,0,0,0,-2,0,0,0,0,-17,0,-32,0,0,0,0,0,0,0,0,11,0,62,8,8,8,8,8,35,3,180,170,173,-59]} 1. d4 d5 2. Nf3 Bf5 3. e3 e6 4. c4 c6 5. Nc3 Nd7 6. Bd3 Bxd3 7. Qxd3 Ngf6 8. O-O Bb4 9. Bd2 a5 10. a3 Be7 {D12: Slav Defence: 3 Nf3 Nf6 4 e3 Bf5} (10... Bxc3 11. bxc3 O-O 12. a4 Nb6 13. cxd5 exd5 14. Rfb1 Qc7 15. Ne5 Ne4 16. Qc2 f6 17. Nd3 Nc4 18. Bc1 {0-1 (37) Kamsky,G (2673)-Andreikin,D (2723) Sochi 2015}) 11. b4 dxc4 12. Qxc4 axb4 $146 {The position is equal.} ({Predecessor:} 12... O-O 13. bxa5 Rxa5 14. a4 Qa8 15. Rab1 Nd5 16. Nxd5 exd5 17. Qb3 Ra7 18. a5 {0-1 (45) Garcia Palermo,C (2475)-Ortega,L (2459) Sarre 2009}) 13. axb4 O-O 14. Rxa8 Qxa8 15. e4 Qa3 16. Rb1 Re8 17. Bc1 Qa8 18. h3 Bf8 19. Bf4 Qa3 20. Bc1 Qa8 21. b5 c5 22. dxc5 Nxc5 23. e5 Nfd7 24. Be3 Rc8 25. Rd1 Nb6 26. Qf4 {Ng5 is the strong threat.} Rd8 27. Ng5 Rxd1+ 28. Nxd1 Qe8 29. Nc3 $40 {[%mdl 128] White has some attack.} h6 30. Nge4 Qc8 31. Qg4 Kh8 ({Black should play} 31... Nxe4 $11 32. Nxe4 Nd5) 32. Qf3 (32. Nd6 $14 Bxd6 33. exd6) 32... Qc7 $11 33. Bxc5 Bxc5 34. Nxc5 Qxc5 35. Qxb7 Nc4 $2 {[#]} (35... Qxc3 $11 36. Qxb6 Qe1+ 37. Kh2 Qxe5+ 38. Kg1 Qe1+ 39. Kh2 Qe5+ 40. g3 Qf5) 36. Ne4 $1 $18 {[%cal Re4c5]} ({Stronger than} 36. Qxf7 Nd2 $11) 36... Qd4 {[#]} 37. b6 $2 {Accuracy: White = 48%, Black = 58%.} (37. Ng3 $1 $18) 1/2-1/2

[Event "IM Marmaris Karia X 2019"]
[Site "Marmaris"]
[Date "2019.08.28"]
[Round "1.2"]
[White "Kizilkus, Akin"]
[Black "Benidze, Davit"]
[Result "1/2-1/2"]
[WhiteElo "2376"]
[BlackElo "2431"]
[Annotator "TA"]
[PlyCount "17"]
[EventDate "2019.09.02"]
[EventType "schev"]
[EventCountry "TUR"]
[SourceTitle "playchess.com"]
[Source "ChessBase"]
[SourceQuality "1"]

{[%evp 9,17,-16,-2,-15,11,-34,4,-9,14,-42]} 1. d4 Nf6 2. c4 e6 3. Nc3 d5 4. cxd5 Nxd5 5. Ne4 $146 ({Predecessor:} 5. e4 Nxc3 6. bxc3 c5 7. Rb1 Be7 8. Nf3 O-O 9. Be2 b6 10. O-O Bb7 11. Qd3 Ba6 12. Qe3 Bxe2 13. Qxe2 cxd4 14. cxd4 Nd7 15. Rd1 {1-0 (27) Ding,L (2805)-Dominguez Perez,L (2763) Saint Louis 2019}) 5... Bb4+ 6. Bd2 {D35: Queen's Gambit Declined: Exchange Variation} Be7 7. Bc1 Bb4+ 8. Bd2 Be7 9. Bc1 (9. Nf3 $11) 1/2-1/2

[Event "IM Marmaris Karia X 2019"]
[Site "Marmaris"]
[Date "2019.08.28"]
[Round "1.3"]
[White "Caglar, Sila"]
[Black "Abdulov, Orkhan"]
[Result "1/2-1/2"]
[WhiteElo "2242"]
[BlackElo "2384"]
[Annotator "TA"]
[PlyCount "28"]
[EventDate "2019.09.02"]
[EventType "schev"]
[EventCountry "TUR"]
[SourceTitle "playchess.com"]
[Source "ChessBase"]
[SourceQuality "1"]

{[%evp 27,28,0,34]} 1. e4 e5 2. Nf3 Nc6 3. Bb5 a6 4. Ba4 Nf6 5. O-O Be7 6. Re1 b5 7. Bb3 d6 8. c3 O-O 9. h3 Bb7 10. d4 Re8 11. Ng5 $146 ({Predecessor:} 11. Nbd2 Bf8 12. a3 h6 13. Bc2 d5 14. Nxe5 Nxe5 15. dxe5 Rxe5 16. Nf3 Re8 17. e5 Ne4 18. Qe2 c5 19. Nd2 Rxe5 20. f3 c4 21. fxe4 Bc5+ {½-½ (40) Radjabov,T (2759)-Wojtaszek,R (2737) Dortmund 2019}) 11... Rf8 12. Nf3 Re8 13. Ng5 Rf8 14. Nf3 Re8 1/2-1/2

[Event "IM Marmaris Karia X 2019"]
[Site "Marmaris"]
[Date "2019.08.28"]
[Round "1.4"]
[White "Sahin, Ozgun"]
[Black "Darban, Morteza"]
[Result "0-1"]
[WhiteElo "2205"]
[BlackElo "2283"]
[Annotator "TA"]
[PlyCount "74"]
[EventDate "2019.09.02"]
[EventType "schev"]
[EventCountry "TUR"]
[SourceTitle "playchess.com"]
[Source "ChessBase"]
[SourceQuality "1"]

{[%evp 20,74,44,24,60,60,47,60,104,37,45,37,29,46,42,-6,-18,-71,-65,-66,-69,-57,-67,-79,-75,-110,-94,-134,-134,-276,-269,-421,-132,-130,-127,-1448,-495,-1065,-1023,-963,-150,-147,-151,-139,-143,-206,-200,-209,-199,-229,-226,-255,-258,-348,-325,-5302,-5227]} 1. e4 Nf6 2. e5 Nd5 3. d4 d6 4. c4 Nb6 5. exd6 cxd6 6. h3 g6 7. Nf3 Bg7 8. Be2 O-O 9. Nc3 Nc6 10. Bf4 Bf5 11. O-O d5 {B04: Alekhine's Defence: 4 Nf3} (11... e5 12. Bg5 Qd7 13. dxe5 Nxe5 14. Nxe5 Bxe5 15. Rc1 Rfe8 16. g4 Be6 17. f4 Bg7 18. b3 Rf8 19. Nb5 d5 20. c5 {1-0 (20) Miettinen,K (2423)-Mer,A (2346) ICCF email 2015}) 12. c5 Nc4 13. b3 N4a5 {White is slightly better.} 14. Rc1 (14. Qd2 $16) 14... Be4 $146 ({Predecessor:} 14... b6 15. cxb6 axb6 16. Qd2 Nb7 17. Nb5 Rc8 18. Rc3 Qd7 19. Rfc1 {1-0 (37) Karpov,A-McKay,R Stockholm 1969}) 15. Ne5 Nxe5 16. dxe5 ({Reject} 16. Nxe4 Nec6 $17) 16... Nc6 17. f3 Bf5 18. Qxd5 (18. Nxd5 $11 Nxe5 19. Bg5) 18... Qa5 $17 19. Qc4 Rfd8 {Threatens to win with ...Rd4.} 20. Qb5 Qc7 21. Bc4 Bxe5 22. Bxe5 Qxe5 23. Qxb7 Na5 $1 24. Qb5 (24. Qb4 $17 {was worth a try.} Nxc4 25. bxc4) 24... Nxc4 $19 25. bxc4 (25. Qxc4 $142 Bd3 26. Rfe1 Qxe1+ 27. Rxe1 Bxc4 28. bxc4) 25... Rab8 $2 (25... Rd2 $1 $19 {and Black stays clearly on top.} 26. Rfe1 Qd4+ 27. Kh2 Qf2 $1 {[%mdl 512]}) 26. Qa5 $17 {With the idea Nd5.} Rd2 27. Rcd1 $2 {[%mdl 8192] [#]} (27. Ne4 $17 Qd4+ 28. Rf2 Rxf2 29. Nxf2) 27... Rc2 (27... Rxg2+ $142 $1 {[%mdl 512]} 28. Kxg2 Rb2+ 29. Rf2 Bxh3+ $1 {[%mdl 512]} 30. Kh1 Rxf2) 28. Rd8+ (28. Rf2 $142 Rxc3 29. Re2 Qxe2 30. Rd8+ Rxd8 31. Qxd8+ Kg7 32. Qd4+ f6 33. Qxc3) 28... Kg7 $19 {( -> ...Qg3!)} 29. Nd1 {[#]} Bxh3 $2 $40 {[%mdl 128] Black is out for blood.} (29... Rbb2 $1 $19 {[%mdl 512] is more deadly.} 30. Nxb2 Qe2) 30. Rd2 $17 Rxd2 31. Qxd2 Qxc5+ 32. Ne3 (32. Qe3 $17 {keeps fighting.} Qxe3+ 33. Nxe3) 32... Be6 $19 33. Rd1 Rb6 ({Worse is} 33... Bxc4 34. Qc3+ f6 35. Rd4 $16) 34. Qc3+ f6 35. Kf1 Ra6 {...Ra3! is the strong threat.} 36. Nd5 Rxa2 {[%csl Ga2][%cal Rc5f2]} 37. Qe3 $2 (37. Qd4 Qxd4 38. Rxd4) 37... Qxc4+ {Accuracy: White = 20%, Black = 57%.} 0-1

[Event "IM Marmaris Karia X 2019"]
[Site "Marmaris"]
[Date "2019.08.28"]
[Round "1.5"]
[White "Altun, Arda"]
[Black "Rakhmangulova, Anastasiya"]
[Result "1-0"]
[WhiteElo "2151"]
[BlackElo "2204"]
[Annotator "TA"]
[PlyCount "61"]
[EventDate "2019.09.02"]
[EventType "schev"]
[EventCountry "TUR"]
[SourceTitle "playchess.com"]
[Source "ChessBase"]
[SourceQuality "1"]

{[%evp 27,61,-18,0,-23,-10,-10,89,81,91,82,91,89,231,212,252,264,264,241,628,620,847,827,808,818,2453,1368,29966,29967,29992,29993,29993,5406,29996,29997,29997,29998]} 1. e4 e6 2. d3 d5 3. Nd2 c5 4. Ngf3 Nc6 5. g3 Nf6 6. Bg2 Be7 7. O-O O-O 8. Re1 b5 9. e5 Nd7 10. Nf1 a5 11. h4 b4 12. Bf4 a4 13. a3 bxa3 14. bxa3 Ba6 15. Ne3 {C00: French: Unusual White 2nd moves} Nd4 (15... Rb8 16. Bh3 Nd4 17. Nxd4 cxd4 18. Nxd5 exd5 19. e6 Nf6 20. exf7+ Rxf7 21. Bxb8 Qxb8 22. Be6 Bc8 {½-½ (55) Yu,Y (2737)-Jakovenko,D (2710) Moscow 2016}) 16. c4 Nb3 (16... dxc4 $1 $11 17. Nxc4 Nb3) 17. cxd5 $16 {White is better.} Nxa1 18. Qxa1 exd5 19. Nxd5 {aiming for Bg5.} Bxd3 (19... Bb7 $16 {is a better defense.} 20. Ng5 Nb6 21. Nxe7+ {[%mdl 64] Discovered Attack} Qxe7) 20. e6 $1 $18 {[%cal Re6d7]} Nf6 $146 ({Predecessor:} 20... fxe6 21. Rxe6 {1-0 (43) Vogt,L (2490)-Schauwecker,M (2305) Switzerland 1994}) 21. Nxe7+ Qxe7 22. Ne5 $1 {[%csl LRa8,LRd3,LRf7][%mdl 64] Discovered Attack} Be4 $2 (22... Bg6 23. Nc6 (23. Nxf7 Bxf7 24. Bxa8 Rxa8 $14) (23. Bxa8 Rxa8 24. exf7+ Bxf7 $16) 23... Qb7) 23. exf7+ Kh8 24. Bxe4 Nxe4 25. Rxe4 {Threatens to win with Ng6+!} Qe6 26. h5 {White wants to mate with Ng6+!} Qf5 {[#]} 27. Bh6 $1 {[%mdl 512]} Qf6 (27... gxh6 28. Ng6#) 28. Bxg7+ {[%mdl 64] Clearance} Qxg7 {[#]} 29. Rg4 (29. h6 $142 $1 {[%mdl 512]} Ra6 (29... Qxh6 30. Ng6#) 30. hxg7+ Kxg7 31. Nc6+ Kxf7 32. Re7+ Kg6 {[#]} 33. Qg7+ $1 {[%mdl 576] Double Attack} Kh5 34. Re5+ {[%mdl 64] Double Attack} Rf5 35. Rxf5#) 29... Qf6 {[#]} 30. Ng6+ $1 {[%mdl 576] Double Attack, Pin, Discovered Attack} Kg7 {[#]} (30... hxg6 31. Qxf6+) 31. Nh8+ $1 {[%mdl 512] Accuracy: White = 88%, Black =  9%.} 1-0

[Event "IM Marmaris Karia X 2019"]
[Site "Marmaris"]
[Date "2019.08.28"]
[Round "2.1"]
[White "Benidze, Davit"]
[Black "Tarlabasi, Emirhan"]
[Result "1/2-1/2"]
[WhiteElo "2431"]
[BlackElo "2341"]
[Annotator "NA"]
[PlyCount "83"]
[EventDate "2019.09.02"]
[EventType "schev"]
[EventCountry "TUR"]
[SourceTitle "playchess.com"]
[Source "ChessBase"]
[SourceQuality "1"]
[TimeControl "5400+30"]

1. Nf3 {[%emt 0:00:30]} d5 {[%emt 0:00:30]} 2. g3 {[%emt 0:00:00]} Nf6 {[%emt 0:00:00]} 3. Bg2 {[%emt 0:00:00]} e6 {[%emt 0:00:00]} 4. O-O {[%emt 0:00:00]} Be7 {[%emt 0:00:30]} 5. d3 {[%emt 0:00:00]} O-O {[%emt 0:00:30]} 6. Nbd2 {[%emt 0:00:00]} c5 {[%emt 0:00:30]} 7. e4 {[%emt 0:00:00]} Nc6 {[%emt 0:00:30]} 8. Re1 {[%emt 0:00:30]} Qc7 {[%emt 0:03:30]} 9. c3 {[%emt 0:00:30]} b5 {[%emt 0:01:30]} 10. Nf1 {[%emt 0:00:30]} Bb7 {[%emt 0:04:30]} 11. e5 {[%emt 0:01:30]} Nd7 {[%emt 0:00:30]} 12. Bf4 {[%emt 0:00:00]} b4 {[%emt 0:04:30]} 13. h4 {[%emt 0:01:00]} a5 {[%emt 0:08:30]} 14. Ne3 {[%emt 0:00:30]} Qb6 {[%emt 0:13:30]} 15. h5 {[%emt 0:05:30]} a4 {[%emt 0:05:30]} 16. a3 {[%emt 0:04:30]} bxc3 {[%emt 0:06:30]} 17. bxc3 {[%emt 0:00:00]} Na5 {[%emt 0:07:30]} 18. Qxa4 {[%emt 0:06:00]} Bc6 {[%emt 0:01:30]} 19. Qc2 {[%emt 0:00:30]} Qb3 {[%emt 0:09:30]} 20. Qd2 {[%emt 0:19:30]} Rfb8 {[%emt 0:02:30]} 21. Ra2 {[%emt 0:06:30]} Qa4 {[%emt 0:02:30]} 22. Ng4 {[%emt 0:03:30]} Rb3 {[%emt 0:07:23]} 23. h6 {[%emt 0:12:30]} g6 {[%emt 0:00:28]} 24. Qc1 {[%emt 0:00:30]} d4 {[%emt 0:08:37]} 25. cxd4 {[%emt 0:06:30]} Rxd3 {[%emt 0:00:57]} 26. Nd2 {[%emt 0:04:30]} Bxg2 {[%emt 0:01:51]} 27. Kxg2 {[%emt 0:00:30]} Qxd4 {[%emt 0:00:22]} 28. Ne4 {[%emt 0:03:30]} Qd5 {[%emt 0:02:09]} 29. Bg5 {[%emt 0:00:30]} Rd4 {[%emt 0:03:51]} 30. Rae2 {[%emt 0:00:30]} Nb3 {[%emt 0:02:52]} 31. Qf4 {[%emt 0:00:30]} Bxg5 {[%emt 0:01:20]} 32. Qxg5 {[%emt 0:00:00]} Rxe4 {[%emt 0:00:40]} 33. Rxe4 {[%emt 0:00:00]} Nd2 {[%emt 0:00:24]} 34. Nf6+ {[%emt 0:00:30]} Nxf6 {[%emt 0:00:05]} 35. Qxf6 {[%emt 0:00:30]} Kf8 {[%emt 0:00:06]} 36. Qg7+ {[%emt 0:01:30]} Ke7 {[%emt 0:01:22]} 37. f3 {[%emt 0:00:30]} Nxe4 {[%emt 0:00:33]} 38. Rxe4 {[%emt 0:00:00]} Qd2+ {[%emt 0:00:54]} 39. Kh3 {[%emt 0:00:00]} Qd1 {[%emt 0:00:31]} 40. Kg4 {[%emt 0:00:30]} Ra4 {[%emt 0:00:24]} 41. Qf6+ {[%emt 0:04:30]} Ke8 {[%emt 0:00:05]} 42. Qh8+ {[%emt 0:00:30]} 1/2-1/2

[Event "IM Marmaris Karia X 2019"]
[Site "Marmaris"]
[Date "2019.08.28"]
[Round "2.2"]
[White "Abdulov, Orkhan"]
[Black "Kizilkus, Akin"]
[Result "1/2-1/2"]
[WhiteElo "2384"]
[BlackElo "2376"]
[Annotator "NA"]
[PlyCount "106"]
[EventDate "2019.09.02"]
[EventType "schev"]
[EventCountry "TUR"]
[SourceTitle "playchess.com"]
[Source "ChessBase"]
[SourceQuality "1"]
[TimeControl "5400+30"]

1. c4 {[%emt 0:00:30]} Nf6 {[%emt 0:00:30]} 2. Nc3 {[%emt 0:00:30]} g6 {[%emt 0:00:00]} 3. d4 {[%emt 0:00:30]} Bg7 {[%emt 0:00:00]} 4. e4 {[%emt 0:00:30]} d6 {[%emt 0:00:00]} 5. Be2 {[%emt 0:00:00]} O-O {[%emt 0:00:00]} 6. Be3 {[%emt 0:02:00]} e5 {[%emt 0:00:30]} 7. d5 {[%emt 0:00:30]} Na6 {[%emt 0:00:30]} 8. g4 {[%emt 0:00:30]} Nc5 {[%emt 0:00:00]} 9. f3 {[%emt 0:00:30]} a5 {[%emt 0:00:00]} 10. h4 {[%emt 0:00:30]} h5 {[%emt 0:00:30]} 11. g5 {[%emt 0:00:00]} Nh7 {[%emt 0:00:00]} 12. Qd2 {[%emt 0:00:00]} f6 {[%emt 0:02:00]} 13. O-O-O {[%emt 0:01:30]} fxg5 {[%emt 0:05:30]} 14. hxg5 {[%emt 0:00:00]} a4 {[%emt 0:05:30]} 15. Nh3 {[%emt 0:02:00]} Bd7 {[%emt 0:24:30]} 16. Nf2 {[%emt 0:01:30]} b6 {[%emt 0:04:30]} 17. Nb5 {[%emt 0:07:30]} Be8 {[%emt 0:13:30]} 18. Rhg1 {[%emt 0:02:30]} Qe7 {[%emt 0:02:30]} 19. Nd3 {[%emt 0:05:30]} Na6 {[%emt 0:10:30]} 20. Qc3 {[%emt 0:02:30]} Rf7 {[%emt 0:01:30]} 21. Qa3 {[%emt 0:02:30]} Qd8 {[%emt 0:01:30]} 22. f4 {[%emt 0:04:30]} exf4 {[%emt 0:01:30]} 23. Nxf4 {[%emt 0:02:30]} Rxf4 {[%emt 0:01:30]} 24. Bxf4 {[%emt 0:00:00]} Bxb5 {[%emt 0:00:30]} 25. cxb5 {[%emt 0:00:00]} Nc5 {[%emt 0:00:00]} 26. Bd3 {[%emt 0:03:30]} Nf8 {[%emt 0:01:00]} 27. Be3 {[%emt 0:04:30]} Nfd7 {[%emt 0:00:30]} 28. Bc2 {[%emt 0:00:30]} Ne5 {[%emt 0:01:30]} 29. Bd4 {[%emt 0:05:30]} Qe8 {[%emt 0:02:30]} 30. Qb4 {[%emt 0:04:30]} Ra5 {[%emt 0:01:30]} 31. Qc3 {[%emt 0:06:30]} Qxb5 {[%emt 0:02:34]} 32. Rgf1 {[%emt 0:01:30]} Qe8 {[%emt 0:02:11]} 33. b4 {[%emt 0:04:30]} axb3 {[%emt 0:00:08]} 34. axb3 {[%emt 0:00:30]} Ra8 {[%emt 0:01:43]} 35. b4 {[%emt 0:02:30]} Na6 {[%emt 0:01:38]} 36. Rf6 {[%emt 0:04:30]} Bxf6 {[%emt 0:01:04]} 37. gxf6 {[%emt 0:00:00]} Kf7 {[%emt 0:01:10]} 38. Kb2 {[%emt 0:03:00]} Kxf6 {[%emt 0:02:33]} 39. Ra1 {[%emt 0:01:30]} Qb5 {[%emt 0:04:06]} 40. Bxe5+ {[%emt 0:05:30]} dxe5 {[%emt 0:00:06]} 41. Qc6+ {[%emt 0:00:30]} Qxc6 {[%emt 0:00:06]} 42. dxc6 {[%emt 0:00:30]} b5 {[%emt 0:00:28]} 43. Kc3 {[%emt 0:00:00]} h4 {[%emt 0:00:58]} 44. Bd3 {[%emt 0:00:00]} h3 {[%emt 0:00:45]} 45. Bxb5 {[%emt 0:01:30]} h2 {[%emt 0:02:05]} 46. Rh1 {[%emt 0:00:30]} Nxb4 {[%emt 0:02:33]} 47. Rxh2 {[%emt 0:01:30]} Na2+ {[%emt 0:00:52]} 48. Kb3 {[%emt 0:03:18]} Rb8 {[%emt 0:00:12]} 49. Rxa2 {[%emt 0:03:14]} Rxb5+ {[%emt 0:00:06]} 50. Kc4 {[%emt 0:00:02]} Rb1 {[%emt 0:01:35]} 51. Ra7 {[%emt 0:00:48]} Rc1+ {[%emt 0:00:15]} 52. Kd5 {[%emt 0:00:11]} Rd1+ {[%emt 0:00:07]} 53. Kc5 {[%emt 0:00:02]} Rc1+ {[%emt 0:00:00]} 1/2-1/2

[Event "IM Marmaris Karia X 2019"]
[Site "Marmaris"]
[Date "2019.08.28"]
[Round "2.3"]
[White "Darban, Morteza"]
[Black "Caglar, Sila"]
[Result "1-0"]
[WhiteElo "2283"]
[BlackElo "2242"]
[Annotator "NA"]
[PlyCount "79"]
[EventDate "2019.09.02"]
[EventType "schev"]
[EventCountry "TUR"]
[SourceTitle "playchess.com"]
[Source "ChessBase"]
[SourceQuality "1"]
[TimeControl "5400+30"]

1. e4 {[%emt 0:05:30]} c5 {[%emt 0:00:30]} 2. Nf3 {[%emt 0:00:30]} Nc6 {[%emt 0:00:00]} 3. d4 {[%emt 0:01:30]} cxd4 {[%emt 0:00:00]} 4. Nxd4 {[%emt 0:00:00]} e6 {[%emt 0:00:00]} 5. Nb5 {[%emt 0:03:00]} d6 {[%emt 0:01:00]} 6. c4 {[%emt 0:00:00]} Nf6 {[%emt 0:00:00]} 7. N5c3 {[%emt 0:00:00]} a6 {[%emt 0:01:00]} 8. Be3 {[%emt 0:01:30]} Qc7 {[%emt 0:00:30]} 9. Be2 {[%emt 0:00:30]} Be7 {[%emt 0:00:30]} 10. O-O {[%emt 0:01:30]} O-O {[%emt 0:00:30]} 11. Nd2 {[%emt 0:00:00]} b6 {[%emt 0:00:30]} 12. Rc1 {[%emt 0:00:00]} Ne5 {[%emt 0:06:30]} 13. f4 {[%emt 0:11:30]} Ned7 {[%emt 0:00:00]} 14. g4 {[%emt 0:00:00]} Bb7 {[%emt 0:03:00]} 15. g5 {[%emt 0:05:00]} Ne8 {[%emt 0:00:30]} 16. Qe1 {[%emt 0:09:30]} Qd8 {[%emt 0:10:30]} 17. Qg3 {[%emt 0:00:30]} Nc7 {[%emt 0:07:30]} 18. Nb3 {[%emt 0:20:30]} f6 {[%emt 0:08:30]} 19. h4 {[%emt 0:07:30]} b5 {[%emt 0:08:30]} 20. Na5 {[%emt 0:06:30]} Rb8 {[%emt 0:01:30]} 21. a3 {[%emt 0:05:30]} Ba8 {[%emt 0:03:30]} 22. b4 {[%emt 0:00:30]} bxc4 {[%emt 0:03:30]} 23. Bxc4 {[%emt 0:00:30]} Nb6 {[%emt 0:00:30]} 24. Bb3 {[%emt 0:00:30]} Kh8 {[%emt 0:01:30]} 25. Qf2 {[%emt 0:09:13]} Nb5 {[%emt 0:02:30]} 26. Nxb5 {[%emt 0:04:49]} axb5 {[%emt 0:01:30]} 27. Bxe6 {[%emt 0:00:25]} Bxe4 {[%emt 0:02:30]} 28. Rfe1 {[%emt 0:05:11]} Ba8 {[%emt 0:05:30]} 29. Bxb6 {[%emt 0:01:26]} Qxb6 {[%emt 0:00:30]} 30. Qxb6 {[%emt 0:00:10]} Rxb6 {[%emt 0:00:00]} 31. Bd7 {[%emt 0:00:31]} Bd8 {[%emt 0:03:00]} 32. Rc8 {[%emt 0:00:11]} Bb7 {[%emt 0:00:30]} 33. Nxb7 {[%emt 0:01:07]} Rxb7 {[%emt 0:00:30]} 34. Re8 {[%emt 0:00:29]} Rxe8 {[%emt 0:00:30]} 35. Bxe8 {[%emt 0:00:03]} Bb6+ {[%emt 0:00:00]} 36. Kg2 {[%emt 0:00:29]} Rc7 {[%emt 0:01:00]} 37. Rb8 {[%emt 0:00:47]} Rc2+ 38. Kf3 {[%emt 0:00:06]} Rc3+ {[%emt 0:02:00]} 39. Ke2 {[%emt 0:01:02]} Ba7 {[%emt 0:01:30]} 40. Ra8 {[%emt 0:00:06]} 1-0

[Event "IM Marmaris Karia X 2019"]
[Site "Marmaris"]
[Date "2019.08.28"]
[Round "2.4"]
[White "Rakhmangulova, Anastasiya"]
[Black "Sahin, Ozgun"]
[Result "0-1"]
[WhiteElo "2204"]
[BlackElo "2205"]
[Annotator "NA"]
[PlyCount "88"]
[EventDate "2019.09.02"]
[EventType "schev"]
[EventCountry "TUR"]
[SourceTitle "playchess.com"]
[Source "ChessBase"]
[SourceQuality "1"]
[TimeControl "5400+30"]

1. e4 {[%emt 0:00:30]} c5 {[%emt 0:00:30]} 2. Nf3 {[%emt 0:00:00]} e6 {[%emt 0:00:30]} 3. g3 {[%emt 0:02:00]} Nc6 {[%emt 0:00:00]} 4. Bg2 {[%emt 0:00:00]} Nf6 {[%emt 0:00:00]} 5. d3 {[%emt 0:04:00]} d5 {[%emt 0:00:30]} 6. Nbd2 {[%emt 0:00:30]} Be7 {[%emt 0:00:30]} 7. O-O {[%emt 0:00:30]} O-O {[%emt 0:00:30]} 8. e5 {[%emt 0:00:30]} Nd7 {[%emt 0:00:30]} 9. Re1 {[%emt 0:00:30]} Qc7 {[%emt 0:00:30]} 10. Qe2 {[%emt 0:00:30]} b5 {[%emt 0:00:00]} 11. Nf1 {[%emt 0:00:30]} a5 {[%emt 0:06:00]} 12. h4 {[%emt 0:00:30]} a4 {[%emt 0:01:30]} 13. h5 {[%emt 0:00:30]} a3 {[%emt 0:01:30]} 14. b3 {[%emt 0:04:30]} Nd4 {[%emt 0:01:30]} 15. Nxd4 {[%emt 0:02:30]} cxd4 {[%emt 0:00:30]} 16. Bf4 {[%emt 0:01:30]} Bb4 {[%emt 0:02:30]} 17. h6 {[%emt 0:16:30]} g6 {[%emt 0:04:30]} 18. Rec1 {[%emt 0:02:30]} Bc3 {[%emt 0:01:30]} 19. Rab1 {[%emt 0:00:30]} Bb7 {[%emt 0:03:30]} 20. Nh2 {[%emt 0:02:30]} Rfc8 {[%emt 0:05:30]} 21. Ng4 {[%emt 0:02:30]} Bb2 {[%emt 0:01:30]} 22. Bg5 {[%emt 0:17:30]} Bxc1 {[%emt 0:04:30]} 23. Rxc1 {[%emt 0:00:30]} Ra6 {[%emt 0:04:30]} 24. Be7 {[%emt 0:13:30]} Rc6 {[%emt 0:07:30]} 25. Qf3 {[%emt 0:07:30]} f5 {[%emt 0:00:30]} 26. exf6 {[%emt 0:00:30]} Kf7 {[%emt 0:00:30]} 27. Bxa3 {[%emt 0:02:52]} Ra6 {[%emt 0:16:30]} 28. Bb4 {[%emt 0:05:39]} Rxa2 {[%emt 0:00:30]} 29. Kh2 {[%emt 0:00:19]} Ne5 {[%emt 0:01:30]} 30. Qf4 {[%emt 0:11:32]} Nxg4+ {[%emt 0:00:30]} 31. Qxg4 {[%emt 0:00:03]} Qe5 {[%emt 0:01:30]} 32. Re1 {[%emt 0:00:19]} Qh5+ {[%emt 0:03:30]} 33. Qxh5 {[%emt 0:01:35]} gxh5 {[%emt 0:00:00]} 34. Bf3 {[%emt 0:01:02]} Rcxc2 {[%emt 0:00:00]} 35. Bxh5+ {[%emt 0:00:07]} Kxf6 {[%emt 0:00:30]} 36. Bd6 {[%emt 0:00:53]} Rxf2+ {[%emt 0:00:30]} 37. Kh3 {[%emt 0:00:05]} Rh2+ {[%emt 0:01:30]} 38. Kg4 {[%emt 0:00:05]} Rhe2 {[%emt 0:01:30]} 39. Rf1+ {[%emt 0:01:23]} Rf2 {[%emt 0:00:00]} 40. Re1 {[%emt 0:00:28]} Rae2 {[%emt 0:01:00]} 41. Rc1 {[%emt 0:00:04]} Rc2 {[%emt 0:00:00]} 42. Re1 {[%emt 0:00:03]} Rf5 {[%emt 0:00:00]} 43. Be8 {[%emt 0:01:09]} Bc8 {[%emt 0:00:30]} 44. Kh3 {[%emt 0:01:07]} e5 {[%emt 0:00:00]} 0-1

[Event "IM Marmaris Karia X 2019"]
[Site "Marmaris"]
[Date "2019.08.28"]
[Round "2.5"]
[White "Nagy, Gabor"]
[Black "Altun, Arda"]
[Result "1-0"]
[WhiteElo "2484"]
[BlackElo "2151"]
[Annotator "ChessBase"]
[PlyCount "51"]
[EventDate "2019.09.02"]
[EventType "schev"]
[EventCountry "TUR"]
[SourceTitle "playchess.com"]
[Source "ChessBase"]
[SourceQuality "1"]
[TimeControl "5400+30"]

1. Nf3 {[%emt 0:01:30]} c5 {[%emt 0:00:30]} 2. c4 {[%emt 0:01:30]} Nc6 {[%emt 0:00:00]} 3. Nc3 {[%emt 0:01:30]} g6 {[%emt 0:01:00]} 4. g3 {[%emt 0:01:30]} Bg7 {[%emt 0:00:00]} 5. Bg2 {[%emt 0:00:30]} d6 {[%emt 0:00:00]} 6. O-O {[%emt 0:00:30]} e5 {[%emt 0:00:30]} 7. a3 {[%emt 0:01:30]} a5 {[%emt 0:01:30]} 8. d3 {[%emt 0:01:30]} Nge7 {[%emt 0:01:30]} 9. Bd2 {[%emt 0:00:30]} Be6 {[%emt 0:00:30]} 10. Ng5 {[%emt 0:01:30]} Bf5 {[%emt 0:06:30]} 11. Nb5 {[%emt 0:01:30]} Nd4 {[%emt 0:07:30]} 12. Nxd4 {[%emt 0:07:30]} exd4 {[%emt 0:00:30]} 13. Bxb7 {[%emt 0:06:30]} Rb8 {[%emt 0:06:30]} 14. Bg2 {[%emt 0:00:30]} Rxb2 {[%emt 0:00:30]} 15. Rb1 {[%emt 0:00:30]} Rxb1 {[%emt 0:02:30]} 16. Qxb1 {[%emt 0:00:30]} O-O {[%emt 0:11:30]} 17. Qb5 {[%emt 0:00:30]} Qb8 {[%emt 0:17:30]} 18. Rb1 {[%emt 0:06:30]} Qxb5 {[%emt 0:02:30]} 19. Rxb5 {[%emt 0:00:30]} a4 {[%emt 0:00:30]} 20. Rb7 {[%emt 0:00:00]} Bf6 {[%emt 0:08:30]} 21. Ne4 {[%emt 0:00:00]} Bxe4 {[%emt 0:00:30]} 22. Bxe4 {[%emt 0:00:30]} Rd8 {[%emt 0:00:30]} 23. Ba5 {[%emt 0:05:30]} Ra8 {[%emt 0:03:30]} 24. Bc7 {[%emt 0:00:30]} Ra6 {[%emt 0:05:30]} 25. Rb8+ {[%emt 0:00:00]} Kg7 {[%emt 0:00:00]} 26. Bb7 {[%emt 0:00:00]} 1-0